00942cam a2200253 a 4500001000800000005001700008008004100025010001700066020001500083040001800098050002200116082001800138245014600156260008100302300002600383500002000409504002800429650004500457650002500502700002900527700002200556740002400578856008600602378607520200421093816.0840305s1985 enk b 001 0 eng  a 84005800  a0521277582 aDLCcDLCdDLC00aPR1205b.F68 198500a821/.3/0821900aFour metaphysical poets :ban anthology of poetry by Donne, Herbert, Marvell, and Vaughan /cedited with an introduction by Richard Willmott. aCambridge [Cambridgeshire] ;aNew York :bCambridge University Press,c1985. avii, 184 p. ;c22 cm. aIncludes index. aBibliography: p. 24-26. 0aEnglish poetryyEarly modern, 1500-1700. 0aMetaphysicsxPoetry.1 aDonne, John,d1572-1631.1 aWilmott, Richard.0 aMetaphysical poets.423Publisher descriptionuhttp://www.loc.gov/catdir/description/cam031/84005800.html